Statistics for NBA Nicknames #2

Click here to take the quiz!

General Stats

  • This quiz has been taken 18 times
  • The average score is 23 of 46

Answer Stats

Hint Answer % Correct
The IcemanGeorge Gervin
100%
The PistolPete Maravich
91%
Uncle DrewKyrie Irving
91%
FlashDwyane Wade
91%
The Greek FreakGiannis Antetokounmpo
91%
The Big OOscar Robertson
91%
His AirnessMichael Jordan
91%
The KingLeBron James
91%
VinsanityVince Carter
91%
The Big FundamentalTim Duncan
91%
DieselShaquille O'Neal
91%
The Round Mound of ReboundCharles Barkley
82%
The BrowAnthony Davis
82%
Big BabyGlen Davis
82%
The ClawKawhi Leonard
73%
The DoctorJulius Erving
73%
The ManimalKenneth Faried
64%
ZoAlonzo Mourning
64%
BirdmanChris Andersen
55%
J CrossoverJamal Crawford
55%
Red MambaMatt Bonner
45%
Big BenBen Wallace
45%
The JokerNikola Jokic
45%
Big Game JamesJames Worthy
45%
The UnicornKristaps Porzingis
45%
The ChiefRobert Parish
36%
HondoJohn Havlicek
36%
J-SmooveJosh Smith
36%
Big Red-HeadBill Walton
27%
The Flying DutchmanRik Smits
27%
The Houdini of the HardwoodBob Cousy
27%
The DragonGoran Dragic
27%
Chairman of the BoardsMoses Malone
27%
TractorRobert Traylor
18%
Big CountryBryant Reeves
18%
MozartDrazen Petrovic
18%
Psycho TTyler Hansbrough
18%
A TrainArtis Gilmore
18%
The SkywalkerDavid Thompson
18%
More ChampEvan Fournier
9%
The NaturalBrandon Roy
9%
The HawkConnie Hawkins
9%
The Beast of the EastPatrick Ewing
9%
STATAmar'e Stoudemire
9%
Sauce CastilloNik Stauskas
9%
Mighty MouseDamon Stoudamire
9%

Score Distribution

Percentile by Number Answered

Percent of People with Each Score

Your Score History

You have not taken this quiz